La dependencia político-económica de América Latina /
Guardado en:
| Autores principales: | , , , |
|---|---|
| Format: | Ukendt |
| Sprog: | Spanish |
| Udgivet: |
México:
Siglo Veintiuno,
1979.
|
| Udgivelse: | 11. edición |
| Fag: | |
| Tags: |
Tilføj Tag
Ingen Tags, Vær først til at tagge denne postø!
|
MARC
| LEADER | 000000000a22000000004500 | ||
|---|---|---|---|
| 001 | 000976 | ||
| 008 | 170621s1979 mx ||||| |||| 00| 0 spa d | ||
| 020 | |a 968 23 0187 4 | ||
| 041 | 0 | |a spa | |
| 082 | |a 338.918 |b D419d11 | ||
| 100 | 1 | |a Jaguaribe, Helio | |
| 100 | 1 | |a Ferrer, Aldo | |
| 100 | 1 | |a Wionczek S., Miguel | |
| 100 | 1 | |a Dos Santos, Thetonio | |
| 245 | 1 | 3 | |a La dependencia político-económica de América Latina / |c Helio Jaguaribe |
| 250 | |a 11. edición | ||
| 260 | |a México: |b Siglo Veintiuno, |c 1979. | ||
| 300 | |a 293 páginas | ||
| 650 | 4 | |a AMERICA LATINA | |
| 650 | 4 | |a INTEGRACION ECONOMICA | |
| 650 | 4 | |a CONDICIONES ECONOMICAS | |
| 650 | 4 | |a 1945 | |
| 650 | 4 | |a INVERSIONES EXTRANJERAS | |
| 700 | 1 | 2 | |a Ferrer, Aldo |
| 700 | 1 | 2 | |a Wionczek S., Miguel |
| 700 | 1 | 2 | |a Dos Santos, Thetonio |
| 942 | |2 ddc |c BK | ||
| 999 | |c 2103 |d 2103 | ||
